Sports Quiz

Random Sports or Football Quiz

Northern Ireland 100 most capped players Quiz Stats

 Plays Quiz not verified by Sporcle

Challenge
Share
Tweet
Embed
Score 0/99 Timer 15:00
0 Plays Today
Caps Player % Correct
119/0Pat Jennings
91.1%
95/36David Healy
90.5%
37/9George Best
86.4%
106/1Aaron Hughes
85.2%
61/1Jonny Evans
84%
39/0Corry Evans
83.4%
71/4Michael Hughes
82.8%
95/9Steven Davis
81.7%
63/12Gerry Armstrong
81.7%
31/4Michael O'Neill
81.7%
64/8Martin O'Neill
81.1%
88/0Maik Taylor
79.3%
62/10Kyle Lafferty
79.3%
39/1John O'Neill
79.3%
86/2Keith Gillespie
74.6%
25/13Billy Gillespie
72.8%
40/2Neil Lennon
71.6%
88/5Sammy McIlroy
70.4%
55/10Jimmy McIlroy
68.6%
72/9Gareth McAuley
68%
50/4Jamie Quinn
68%
46/12Jimmy Quinn
68%
38/9Norman Whiteside
68%
59/12Iain Dowie
64.5%
50/4Bryan Hamilton
64.5%
41/5Billy Hamilton
64.5%
59/2Chris Brunt
63.9%
45/0Roy Carroll
62.7%
79/0Chris Baird
62.1%
91/0Mal Donaghy
61.5%
52/3Alan McDonald
61.5%
29/1Steve Jones
61.5%
38/13Colin Clarke
59.2%
Caps Player % Correct
73/1Jimmy Nicholl
58.6%
56/0Damien Johnson
58%
51/3Chris Nicholl
58%
66/0Nigel Worthington
57.4%
56/2Danny Blanchflower
53.3%
45/2Steve Lomas
52.7%
52/5Jim Magilton
51.5%
51/7Gerry Taggart
51.5%
52/3Niall McGinn
51.5%
42/6Kevin Wilson
51.5%
67/0Dave McCreery
49.7%
32/4Jamie Ward
49.3%
56/10Billy Bingham
49.1%
36/1Mark Williams
46.2%
32/1Shane Ferguson
44.9%
49/0Pat Rice
44.4%
31/1Conor McLaughlin
43.5%
53/1John McClelland
42.6%
33/2Craig Cathcart
41.4%
31/0Tommy Wright
41.4%
30/1Kingsley Black
40.8%
28/2Stuart Dallas
40.6%
39/1Steve Morrow
40.2%
35/4Josh Magennis
36.2%
43/8Derek Dougan
36.1%
25/0David Craig
35.5%
53/0Stephen Craigan
34.9%
32/0Kevin Horlock
34.9%
27/2Philip Mulryne
34.9%
28/0Michael McGovern
34.8%
25/0Alan Fettis
34.3%
39/4Stuart Elliott
33.7%
34/1George McCartney
33.7%
Caps Player % Correct
46/0Oliver Norwood
33.1%
53/1Allan Hunter
31.4%
33/1Colin Murdock
30.8%
59/2Terry Neill
29.6%
39/4Grant McCann
28.4%
26/6Phil Gray
28.4%
51/1Sammy Nelson
27.8%
45/5Warren Feeney
27.2%
31/2Ian Stewart
26%
27/3Noel Brotherston
26%
27/1Colin Hill
25.4%
39/0Sammy Clingan
24.3%
25/0Harry Gregg
24.3%
31/2Robert Peacock
21.9%
34/9Peter McParland
19.5%
35/0Thomas Jackson
18.3%
29/1Danny Griffin
17.8%
31/0Elisha Scott
17.2%
25/0Billy Scott
17.2%
26/7Wilbur Cush
13.6%
31/0Gary Fleming
11.8%
26/1Terry Cochrane
8.3%
29/3Derek Spence
5.9%
48/2Dave Clements
5.3%
41/6Jimmy Nicholson
5.3%
30/0William Cunningham
5.3%
40/0Alf McMichael
4.1%
34/3Martin Harvey
4.1%
30/9Olphert Stanfield
3.6%
28/2Bob Milne
2.4%
40/1Alec Elder
1.8%
26/0Eddie Magill
1.8%
26/0Sam Torrans
1.8%

You're not logged in!

Compare scores with friends on all Sporcle quizzes.
Join for Free
OR
Log In

You Might Also Like...

Show Comments

Extras

Top Quizzes Today


Score Distribution

Your Account Isn't Verified!

In order to create a playlist on Sporcle, you need to verify the email address you used during registration. Go to your Sporcle Settings to finish the process.

Report this User

Report this user for behavior that violates our Community Guidelines.

Details: